Creeper vs Zombie - Zarcort (Letra) - Estadísticas

Estadísticas generales
  • Esta prueba ha sido intentada 26 veces
  • La puntuación promedio es 371 de 481
Estadísticas de respuestas
Respuesta % Correcto
a
100%
A
100%
Creeper
100%
creeper
100%
en
100%
En
100%
es
100%
Esto
100%
ha
100%
la
100%
La
100%
lo
100%
mundo.
100%
mundo
100%
no
100%
No
100%
¿qué
100%
¿Qué
100%
que
100%
sabe
100%
to'
100%
y
100%
zombi
100%
Zombie)
100%
zombie,
100%
batalla
94%
cuadrado
94%
¡Date
94%
de
94%
derramo
94%
empezado
94%
me
94%
Me
94%
94%
mi
94%
muy
94%
sangre
94%
sombra
94%
tal?
94%
te
94%
Te
94%
94%
tu
94%
Tu
94%
un
94%
vs
94%
vuelta!
94%
ya
94%
al
88%
Desde
88%
distancia
88%
donde
88%
el
88%
estoy
88%
Estoy
88%
frente
88%
Hola,
88%
línea
88%
Mira
88%
mírame
88%
sabes
88%
vigilando
88%
acercando
82%
cómo
82%
como
82%
cuenta
82%
das
82%
fuego
82%
hacer?
82%
Minecraft
82%
muerte
82%
O
82%
se
82%
Se
82%
sol,
82%
solo
82%
solo,
82%
Solo
82%
Soy
82%
todo
82%
Todo
82%
una
82%
ve
82%
aire
76%
cabeza
76%
correr
76%
Creepers
76%
deparará
76%
escondo,
76%
explotar
76%
han
76%
he
76%
hora
76%
las
76%
Llegó
76%
manos
76%
morder?
76%
76%
Si
76%
si
76%
vas
76%
Vas
76%
volar
76%
zombies
76%
zombis
76%
Acércate
71%
Acércate,
71%
bandeja
71%
¡Bum!
71%
caballos,
71%
cenar
71%
del
71%
dentro
71%
Eh,
71%
eh,
71%
ovejas
71%
pollos
71%
puedo
71%
Quiero
71%
Vacas,
71%
valerme
71%
acabado
65%
aleja
65%
cuerpo
65%
¡Eso
65%
Los
65%
Nunca
65%
nunca
65%
pa'
65%
porque
65%
quejas
65%
camino
59%
cara
59%
Chica
59%
enfrentas
59%
eso
59%
Eso
59%
esta
59%
Gritan
59%
gustado
59%
intestino
59%
loco
59%
mierda
59%
(Okey
59%
palomitas
59%
quites,
59%
ven
59%
voy
59%
Yo
59%
acompañado
53%
cada
53%
carne
53%
chiste,
53%
coco
53%
comida
53%
cueva,
53%
estás
53%
explosivo
53%
falta
53%
le
53%
llama
53%
mejor
53%
pero
53%
rayos
53%
salida
53%
Será
53%
serás
53%
siempre
53%
viva
53%
We,
53%
avecina
47%
basta
47%
brazos
47%
cocina
47%
cocinar
47%
con
47%
esquina
47%
explotan
47%
golpéame
47%
hacen
47%
Hawking
47%
Llámame
47%
matarme,
47%
necesito
47%
noche
47%
pasta
47%
pirómano,
47%
queda
47%
Quieres
47%
quitan
47%
Stephen
47%
tengo
47%
vencido
47%
amigo
41%
aunque
41%
avión
41%
Bienvenidos
41%
cabezazo,
41%
cuando
41%
devasta
41%
mueve
41%
pagaran
41%
repliques,
41%
ritmo
41%
sería
41%
tus
41%
vente,
41%
volador!
41%
YouTube
41%
aparecer
35%
aquí
35%
hay
35%
meteoritos
35%
ni
35%
perder
35%
pompis
35%
tripas
35%
vuela
35%
autotune
29%
bombas
29%
caer
29%
coma
29%
delante
29%
meto
29%
nada
29%
pare
29%
van
29%
desmonto
24%
Excítate,
24%
Playmobil
24%
También
24%
tromba
24%
Brum,
18%
brum,
18%
brum
18%
explótame
18%
muevas
18%
No se encontraron pruebas coincidentes
Distribución de puntuación
Porcentaje de gente con cada puntuación
Porcentaje por número respondido
Historial de tus puntuaciones
No has intentado esta prueba.